| 000 | 00671nam a2200241Ia 4500 | ||
|---|---|---|---|
| 003 | OSt | ||
| 005 | 20221007103604.0 | ||
| 006 | a|||||r|||| 00| 0 | ||
| 007 | ta | ||
| 008 | 221006b |||||||| |||| 00| 0 eng d | ||
| 024 | _a13,533 | ||
| 037 | _cTextual | ||
| 040 |
_aLCO _cLCO _beng |
||
| 041 |
_2eng _aeng |
||
| 082 | _aZ5,93, L8 | ||
| 100 |
_aBredimas Anna _9683110 |
||
| 245 | 0 | _aMethods of Interpretation and Community Law | |
| 260 |
_aAmsterdam _bNorth Holland Publishing Company Netherland _c1978 |
||
| 300 | _a219 | ||
| 650 |
_aEuropean Studies in Law _9705288 |
||
| 942 |
_hZ5,93, L8 _cTEXL |
||
| 999 |
_c1183096 _d1183096 |
||